5HLuxD.jpg

KING HENRY VIII SENIOR AND PRIMARY SCHOOL LIBRARY OPAC

Tales of mystery & imagination / (Record no. 2895)

000 -LEADER
fixed length control field 02176cam a2200313 i 4500
001 - CONTROL NUMBER
control field 017795016
003 - CONTROL NUMBER IDENTIFIER
control field UkOxU
005 - DATE AND TIME OF LATEST TRANSACTION
control field 20230911090946.0
008 - FIXED-LENGTH DATA ELEMENTS--GENERAL INFORMATION
fixed length control field 100930s2011 enk 000 j eng|d
015 ## - NATIONAL BIBLIOGRAPHY NUMBER
National bibliography number GBB0B8827
Source bnb
020 ## - INTERNATIONAL STANDARD BOOK NUMBER
International Standard Book Number 9780007420223
Qualifying information paperback
020 ## - INTERNATIONAL STANDARD BOOK NUMBER
International Standard Book Number 0007420226
Qualifying information paperback
035 ## - SYSTEM CONTROL NUMBER
System control number (Uk)015663466
035 ## - SYSTEM CONTROL NUMBER
System control number (StEdALDL)1/2471126
040 ## - CATALOGING SOURCE
Original cataloging agency StDuBDS
Language of cataloging eng
Description conventions rda
Transcribing agency StDuBDS
Modifying agency UkOxU
-- KH8
082 ## - DEWEY DECIMAL CLASSIFICATION NUMBER
Classification number 813.3 POE
100 1# - MAIN ENTRY--PERSONAL NAME
Personal name Poe, Edgar Allan,
Dates associated with a name 1809-1849,
Relator term author.
245 10 - TITLE STATEMENT
Title Tales of mystery & imagination /
Statement of responsibility, etc. by Edgar Allan Poe.
264 #1 - PRODUCTION, PUBLICATION, DISTRIBUTION, MANUFACTURE, AND COPYRIGHT NOTICE
Place of production, publication, distribution, manufacture London :
Name of producer, publisher, distributor, manufacturer HarperPress,
Date of production, publication, distribution, manufacture, or copyright notice [2011]
300 ## - PHYSICAL DESCRIPTION
Extent 456 p. ;
Dimensions 18 cm
336 ## - CONTENT TYPE
Content type term text
Source rdacontent
337 ## - MEDIA TYPE
Media type term unmediated
Source rdamedia
338 ## - CARRIER TYPE
Carrier type term volume
Source rdacarrier
490 1# - SERIES STATEMENT
Series statement Collins classics
520 ## - SUMMARY, ETC.
Summary, etc. This collection of Poe's work contains some of the most exciting and haunting stories ever written. They range from the poetic to the mysterious to the darkly comic, yet all possess the genius for the grotesque that defines Poe's writing. They are peopled with neurotics and social outcasts, obsessed with unknown terrors or preoccupied with seemingly insoluble mysteries. The Tell-Tale Heart and The Fall of the House of Usher are key works in the horror canon, while in The Murders in the Rue Morgue and The Mystery of Marie Roget we find the origins of modern detective fiction. Collectively, these tales represent the best of Edgar Allan Poe’s prose work before his premature death in 1849. The world's greatest works of literature are now avaialble in these beautiful keepsake volumes. Bound in real cloth, and featuring gilt edges and ribbon markers, these beautifully produced books are a wonderful way to build a handsome library of classic literature. These are the essential novels that belong in every home. They'll transport readers to imaginary worlds and provide excitement, entertainment, and enlightenment for years to come. All of these novels feature attractive illustrations and have an unequalled period feel that will grace the library, the bedside table or bureau.
650 #0 - SUBJECT ADDED ENTRY--TOPICAL TERM
Topical term or geographic name entry element Horror tales, American.
830 #0 - SERIES ADDED ENTRY--UNIFORM TITLE
Uniform title Collins classics.
942 ## - ADDED ENTRY ELEMENTS (KOHA)
Source of classification or shelving scheme
Koha item type Teaching Resources
Holdings
Withdrawn status Lost status Source of classification or shelving scheme Damaged status Not for loan Collection code Permanent Location Current Location Shelving location Date acquired Full call number Barcode Date last seen Price effective from Koha item type
          Teaching Resources KH8 Senior School Library KH8 Senior School Library Staff Office 2023-09-11 813.3 POE TRKHSL002599 2023-09-11 2023-09-11 Teaching Resources

Powered By KH8 IT Dept